000 00625nam a2200241Ia 4500
003 OSt
005 20221005041705.0
006 a|||||r|||| 00| 0
007 ta
008 221004b |||||||| |||| 00| 0 eng d
024 _a27673
037 _cTextual
040 _aCRL
_cCRL
_beng
041 _2eng
_aeng
082 _aX9W:8.2, J9
100 _aShukla M C
245 0 _aAdministrative problems of public enterprises in India
260 _aDelhi
_bS Chand India
_c1959
300 _a232p.
_ccm.
650 _aECONOMICS
942 _hX9W:8.2, J9
_cTEXL
_2cc
999 _c948934
_d948934